World in crisis : Readings in international relations

Kaydedildi:
Detaylı Bibliyografya
Materyal Türü: Kitap
Dil:Undetermined
Baskı/Yayın Bilgisi: New York Macmillan 1973
Konular:
Etiketler: Etiketle
Etiket eklenmemiş, İlk siz ekleyin!
Thư viện lưu trữ: Trung tâm Học liệu Trường Đại học Cần Thơ
LEADER 00499nam a2200181Ia 4500
001 CTU_77624
008 210402s9999 xx 000 0 und d
082 |a 327.08 
082 |b W927 
245 0 |a World in crisis : 
245 0 |b Readings in international relations 
245 0 |c Edited by Frederick H. Hartmann 
260 |a New York 
260 |b Macmillan 
260 |c 1973 
650 |a International relations 
904 |i Nguyên 
980 |a Trung tâm Học liệu Trường Đại học Cần Thơ